000 00507nam a22001817a 4500
003 OSt
005 20250715015406.0
008 250715b |||||||| |||| 00| 0 eng d
020 _a0394584082
040 _aDWCL -Main lib
_cOC
082 _aCirc. 813.54 L945b 1990
100 _aLudlum, Robert
245 _a The bourne ultimatum/
_cRobert Ludlum
260 _aNew York :
_bRandom House,
_c c1990.
300 _a611 pages ;
_c 24 cm.
650 _a1. American fiction.
942 _2ddc
_cBK-CIRC
_kCirc.
_n0
999 _c3671
_d3671